| 000 | 00000nam 2200000zi 4500 |
| 001 | 9.560753 |
| 003 | CaOODSP |
| 005 | 20221123143256 |
| 007 | cr ||||||||||| |
| 008 | 150406s2006 xxc|||||o f|0| 0 eng d |
| 022 | |a1209-6393 |
| 040 | |aCaOODSP|beng |
| 043 | |an-cn--- |
| 086 | 1 |aCS85-002/26-3E-PDF |
| 100 | 1 |aBrzozowski, Jodi-Anne, |eauthor. |
| 245 | 10|aVictimization and offending among the Aboriginal population in Canada / |cby Jodi-Anne Brzozowski, Andrea Taylor-Butts and Sara Johnson. |
| 264 | 1|bStatistics Canada, |c2006. |
| 300 | |a1 online resource (31 pages) : |bgraphs, references, tables. |
| 336 | |atext|btxt|2rdacontent |
| 337 | |acomputer|bc|2rdamedia |
| 338 | |aonline resource|bcr|2rdacarrier |
| 490 | 1 |aJuristat, |x1209-6393 ; |vVol. 26, No. 3 |
| 520 | 3 |aThis series of reports provides detailed statistics and analysis on a variety of topics and issues concerning Canada's justice system. Annual Juristats are produced on areas such as: crime, homicide, youth and adult courts, and corrections. Additional Juristats are also produced each year on current topics of interest to the justice community. This is a unique periodical, of great interest to those who have to plan, establish, administer and evaluate justice programs and projects, or anyone who has an interest in Canada's justice system. |
| 590 | |a06-23|b2006-06-09 |
| 690 | 07|aIndigenous peoples|2gcpds |
| 690 | 07|aCrime|2gcpds |
| 690 | 07|aJustice system|2gcpds |
| 710 | 1 |aCanada.|bStatistics Canada. |bCanadian Centre for Justice Statistics, |eissuing body. |
| 775 | 08|tLa victimisation et la criminalité chez les peuples autochtones du Canada / |w(CaOODSP)9.593408 |
| 776 | 0#|tVictimization and offending among the Aboriginal population in Canada / |w(CaOODSP)9.617905 |
| 830 | #0|aJuristat,|x1209-6393|vVol. 26, No. 3|w(CaOODSP)9.504737 |
| 856 | 40|ahttp://publications.gc.ca|qPDF|s321 KB|uhttps://publications.gc.ca/collections/Collection-R/Statcan/85-002-XIE/85-002-XIE2006003.pdf|yVol. 26, No. 3 |